Statistics for New Zealand DHB's

Click here to take the quiz!

General Stats

  • This quiz has been taken 5 times
  • The average score is 11 of 20

Answer Stats

main cityDHB% Correct
TaurangaBay of Plenty
75%
ChristchurchCanterbury
75%
NapierHawke's Bay
75%
RotoruaLakes
75%
Palmerston NorthMidCentral
75%
DunedinSouthern
75%
HamiltonWaikato
75%
GreymouthWest Coast
75%
Central AucklandAuckland
50%
WellingtonCapital and Coast
50%
South Auckland{Counties}-{Manukau}
50%
WhangareiNorthland
50%
TimaruSouth Canterbury
50%
New PlymouthTaranaki
50%
North & West AucklandWaitemata
50%
WhanganuiWhanganui
50%
Nelson{Nelson}-{Marlborough}
25%
GisborneTairawhiti
25%
MastertonWairarapa
25%
Lower HuttHutt Valley
0%

Score Distribution

Percentile by Number Answered

Percent of People with Each Score

Your Score History

You have not taken this quiz